LEADER 01031nam a2200229 i 4500 001 991000285149707536 008 100609s2009 it b 001 0 ita d 035 $ab13836146-39ule_inst 040 $aDip.to Matematica$beng 084 $aAMS 37G10 084 $aAMS 37N25 100 1 $aTocci, Barbara Anna$0471493 245 10$aVariante al modello di Lotka-Volterra :$bil cannibalismo. Tesi di laurea in modelli matematici per le scienze applicate /$claureanda Barbara Anna Tocci ; relat. Giovanni Martina 260 $aLecce :$bUniversità del Salento. Facoltà di Scienze MM. FF. NN. Corso di laurea triennale in Matematica,$ca.a. 2007-08 300 $a51 p. ;$c29 cm 700 1 $aMartina, Giovanni 907 $a.b13836146$b02-04-14$c10-06-09 912 $a991000285149707536 945 $aLE013 TES 2007/08 TOC1$g1$i2013000210452$lle013$og$pE15.00$q-$rn$so $t1$u0$v0$w0$x0$y.i14980861$z10-06-09 996 $aVariante al modello di Lotka-Volterra$9228978 997 $aUNISALENTO 998 $ale013$b10-06-09$cm$da $e-$fita$git $h0$i0